000 01032cam a2200301 i 4500
999 _c17804
_d17804
001 375675
005 20161129115915.0
008 781115s1979 nyua 001 0beng
010 _a 78021148
020 _a0823054896
040 _aDLC
_cDLC
_dDLC
050 0 0 _aND1292
_b.T83 1979
245 0 0 _a20 figure painters and how they work :
_bfrom the pages of American artist /
_cedited by Susan E. Meyer.
260 _aNew York :
_bWatson-Guptill Publications,
_c1979.
300 _a175 p. :
_bill. (some col.) ;
_c31 cm.
500 _aIncludes index.
650 0 _aHuman figure in art.
650 0 _aHuman beings in art.
650 0 _aPainting
_xTechnique.
650 0 _aPainting, American.
700 1 _aMeyer, Susan E.
730 _aAmerican artist.
942 _2lcc
_cBOOKS
_hND1292 .T83 1979